00624nam a22001577a 4500003000900000005001700009008004100026040001300067100005800080245011700138250000600255260002200261300002000283490002400303520013900327IT-RoPau20220918175937.0130109b xxu||||| |||| 00| 0 eng d cIT-RoPau aAlberione [James] GiacomoqFondatore Famiglia Paolina aDaily Meditation.bThe Great Truths Rev. JAmes Alberione, S.S.P., S.T.D. Translated by the Daughters of St.Paul  aI aBostonbFSPc1983 a238 p.c18,5 cm aSt. Paul EditionvI a CONTENTS Preface Meditation The Great Truths